Gerencia de liderazgo retos de los nuevos profesionales
Presenta la utilización de distintos tipos de liderazgos en el desarrollo de una empresa, muestra las características y metas de un líder ¿En que difiere de un gerente?, y muestra las cualidades que debe tener un líder y las de un gerente.
| Main Author: | |
|---|---|
| Other Authors: | |
| Format: | Tesis Section = Libro |
| Language: | Undetermined Spanish |
| Published: |
Managua
UNI
2010
|
| Subjects: |
| LEADER | 00939nam a2200229Ia 4500 | ||
|---|---|---|---|
| 008 | 240830s9999 xx 000 0 und d | ||
| 040 | |a BIBLIOTECA-RUSB/ T.Mon 658.4092 S211 | ||
| 041 | |a spa | ||
| 082 | |a T.Mon 658.4092 S211 | ||
| 100 | 1 | |a Sánchez Colomer, Alba Ligia | |
| 245 | 1 | 0 | |a Gerencia de liderazgo retos de los nuevos profesionales |
| 260 | |a Managua |b UNI |c 2010 | ||
| 300 | |a 49 p. :il. | ||
| 500 | |a Contiene: anexos. | ||
| 502 | |a Tesis (Ingeniero en Computación) - UNI, 2010. | ||
| 520 | 3 | |a Presenta la utilización de distintos tipos de liderazgos en el desarrollo de una empresa, muestra las características y metas de un líder ¿En que difiere de un gerente?, y muestra las cualidades que debe tener un líder y las de un gerente. | |
| 650 | 7 | |a GERENCIA Y LIDERAZGO | |
| 650 | 7 | |b ADMINISTRACIÓN DE EMPRESAS | |
| 700 | 1 | |a Tutor: |b Flores Quintana, Gloria Thalía | |
| 942 | |c BK |2 ddc | ||
| 991 | |a TESIS | ||
| 999 | |c 21917 | ||